Statistiques concernant Nommez une Capitale Mondiale A-Z

Cliquez ici pour prendre le quiz!

Statistiques générales

  • Ce quiz a été pris 68 853 fois
  • Le résultat moyen est 14 sur 24

Statistiques - réponses

LettreCapitale% Correct
BBerlin | Bruxelles | Brasilia | +22
97%
PParis | Pékin | Prague | +15
95%
LLondres | Lisbonne | Luxembourg | +12
92%
MMadrid | Moscou | Monaco | +16
92%
AAthènes | Amsterdam | Alger | +12
89%
RRome | Reykjavik | Riga | +3
81%
TTokyo | Tunis | Tirana | +9
79%
WWashington | Wellington | Windhoek
76%
OOslo | Ottawa | Oulan-Bator | Ouagadougou
75%
SSofia | Séoul | Stockholm | +15
74%
DDublin | Damas | Dakar | +7
73%
VVienne | Vatican | Varsovie | +4
71%
CCopenhague | Canberra | Caracas | +3
67%
KKiev | Kaboul | Kingston | +8
59%
HHelsinki | Hanoi | Harare | Honiara
52%
NNew Delhi | Nicosie | Nairobi | +8
50%
JJerusalem | Jakarta
42%
ZZagreb
34%
GGuatemala | Georgetown | Gaborone | Gitega
25%
QQuito
25%
YYaounde | Yamoussoukro | Yaren
22%
IIslamabad
19%
EErevan
18%
FFreetown | Funafuti
14%

Distribution des résultats

Percentile par nombre de réponses

% des personnes avec chaque résultat

Votre développement - résultats

Vous n’avez pas pris ce quiz